Pięć najlepszych stolic według kategorii #2 - Statystyki

Ogólne statystyki
  • Ten quiz został rozwiązany 12 razy
  • Średni wynik to 24 z 50
Statystyki odpowiedzi
Stolica % Poprawnych
Paryż
90%
Tokio
90%
Londyn
80%
Meksyk
80%
Moskwa
80%
Reykjavík
80%
Santiago
80%
Waszyngton
80%
Berlin
70%
Buenos Aires
70%
Canberra
70%
Kair
70%
Kijów
70%
Mińsk
70%
Ryga
70%
Tallinn | Helsinki
70%
Wellington
70%
Bagdad
60%
Bogota
60%
Dżakarta
60%
Pekin
60%
Seul
60%
Ułan Bator
60%
Wilno
60%
Abu Zabi
50%
Bruksela
50%
Kuala Lumpur
50%
Lima
50%
Manila
50%
Singapur
50%
Tallinn
50%
Algier
40%
Ateny
40%
Amman
30%
Astana
30%
Damaszek
30%
Tajpej
30%
Abudża
20%
Addis Abeba
20%
Kuwejt
20%
Bamako
10%
Budapeszt
10%
Chartum
10%
Niamey
10%
Wiedeń
10%
Akra
0%
Dili
0%
Ndżamena
0%
Ngerulmud
0%
Wagadugu
0%
Nie znaleziono quizów pasujących do podanych kryteriów
Rozkład punktacji
Procent ludzi z każdym wynikiem
Percentyl według liczby udzielonych odpowiedzi
Twoja historia wyników
Nie rozwiązałeś tego quizu